[Event "ROU-chT 1st League 2019"]
[Site "Mamaia"]
[Date "2019.09.23"]
[Round "3.19"]
[White "Tarlev, Konstantin"]
[Black "Zubov, Alexander"]
[Result "1/2-1/2"]
[WhiteElo "2559"]
[BlackElo "2612"]
[Annotator "TA"]
[PlyCount "27"]
[EventDate "2019.09.21"]
[EventType "team-tourn"]
[EventCountry "ROU"]
[SourceTitle "playchess.com"]
[Source "ChessBase"]
[SourceQuality "1"]

{[%evp 11,27,8,4,15,6,10,4,10,2,6,12,16,11,0,8,0,0,0]} 1. e4 c5 2. Nf3 d6 3. d4 cxd4 4. Bb5+ Nd7 5. Qxd4 a6 6. Bxd7+ Bxd7 {The position is equal.} 7. c4 {B51: Sicilian: Moscow Variation (3 Bb5+) without 3...Bd7} b5 $146 ({Predecessor:} 7... e5 8. Qd3 b5 {½-½ (14) Mastrovasilis,D (2595)-Wojtaszek,R (2727) Porto Carras 2018}) 8. Nc3 e5 9. Qd3 bxc4 10. Qxc4 Be6 11. Qc6+ Bd7 12. Qc4 Be6 13. Qc6+ Bd7 14. Qc4 1/2-1/2

[Event "ROU-chT 1st League 2019"]
[Site "Mamaia"]
[Date "2019.09.23"]
[Round "3.20"]
[White "Sivuk, Vitaly"]
[Black "Morozov, Nichita"]
[Result "1-0"]
[WhiteElo "2559"]
[BlackElo "2394"]
[Annotator "ChessBase"]
[PlyCount "95"]
[EventDate "2019.09.21"]
[EventType "team-tourn"]
[EventCountry "ROU"]
[SourceTitle "playchess.com"]
[Source "ChessBase"]
[SourceQuality "1"]
[TimeControl "40/5400+30:1800+30"]

1. c4 {[%emt 0:00:00]} c6 {[%emt 0:00:22]} 2. Nf3 {[%emt 0:00:20]} d5 {[%emt 0:00:10]} 3. e3 {[%emt 0:00:37]} Nf6 {[%emt 0:00:14]} 4. Nc3 {[%emt 0:00:43]} a6 {[%emt 0:02:49]} 5. d4 {[%emt 0:01:51]} Bf5 {[%emt 0:00:57]} 6. Ne5 {[%emt 0:01:09]} h6 {[%emt 0:03:12]} 7. Qb3 {[%emt 0:03:16]} Ra7 {[%emt 0:05:17]} 8. cxd5 {[%emt 0:00:47]} cxd5 {[%emt 0:00:09]} 9. e4 {[%emt 0:00:08]} Bxe4 {[%emt 0:05:14]} 10. Nxe4 {[%emt 0:01:44]} Nxe4 {[%emt 0:00:35]} 11. Qa4+ {[%emt 0:01:13]} Nd7 {[%emt 0:18:23]} 12. Bb5 {[%emt 0:00:19]} Nef6 {[%emt 0:00:04]} 13. O-O {[%emt 0:00:10]} Ra8 {[%emt 0:01:45]} 14. Bd3 {[%emt 0:01:50]} e6 {[%emt 0:03:11]} 15. Ng6 {[%emt 0:00:28]} Rg8 {[%emt 0:08:21]} 16. Bf4 {[%emt 0:09:11]} b5 {[%emt 0:01:08]} 17. Qb3 {[%emt 0:00:14]} Nh5 {[%emt 0:00:48]} 18. Rfe1 {[%emt 0:03:18]} Nxf4 {[%emt 0:00:19]} 19. Nxf4 {[%emt 0:00:07]} Be7 {[%emt 0:00:10]} 20. Rxe6 {[%emt 0:13:24]} g5 {[%emt 0:00:07]} 21. Re2 {[%emt 0:27:44]} gxf4 {[%emt 0:02:15]} 22. Rae1 {[%emt 0:00:40]} Kf8 {[%emt 0:00:39]} 23. Rxe7 {[%emt 0:00:44]} Nf6 {[%emt 0:00:31]} 24. Qb4 {[%emt 0:05:48]} Kg7 {[%emt 0:00:28]} 25. Bf5 {[%emt 0:00:29]} Re8 {[%emt 0:03:18]} 26. R7e5 {[%emt 0:00:44]} Rxe5 {[%emt 0:04:44]} 27. dxe5 {[%emt 0:00:26]} Nh5 {[%emt 0:00:35]} 28. Bg4 {[%emt 0:03:35]} Qg5 {[%emt 0:00:19]} 29. Bxh5 {[%emt 0:02:42]} Qxh5 {[%emt 0:00:03]} 30. Qxf4 {[%emt 0:00:09]} Qg5 {[%emt 0:00:02]} 31. Qd4 {[%emt 0:00:12]} Rd8 {[%emt 0:00:03]} 32. Re3 {[%emt 0:00:20]} Kh7 {[%emt 0:00:07]} 33. h4 {[%emt 0:00:32]} Qg6 {[%emt 0:00:12]} 34. Rf3 {[%emt 0:01:50]} Rd7 {[%emt 0:01:33]} 35. a3 {[%emt 0:04:42]} Qb1+ {[%emt 0:01:11]} 36. Kh2 {[%emt 0:01:34]} Qe4 {[%emt 0:00:02]} 37. Qxe4+ {[%emt 0:01:07]} dxe4 {[%emt 0:00:02]} 38. Rf4 {[%emt 0:00:10]} Kg7 {[%emt 0:00:02]} 39. Rxe4 {[%emt 0:01:02]} Rd2 {[%emt 0:00:22]} 40. Rg4+ {[%emt 0:00:00]} Kf8 {[%emt 0:00:00]} 41. Rf4 {[%emt 0:00:17]} Rxb2 {[%emt 0:01:38]} 42. e6 {[%emt 0:00:07]} Rb3 {[%emt 0:00:12]} 43. Rxf7+ {[%emt 0:00:31]} Ke8 {[%emt 0:00:02]} 44. f4 {[%emt 0:00:17]} Rxa3 {[%emt 0:00:04]} 45. f5 {[%emt 0:00:04]} Re3 {[%emt 0:00:03]} 46. g4 {[%emt 0:00:52]} b4 {[%emt 0:00:44]} 47. g5 {[%emt 0:00:10]} hxg5 {[%emt 0:00:04]} 48. hxg5 {[%emt 0:00:03]} 1-0

[Event "ROU-chT 1st League 2019"]
[Site "Mamaia"]
[Date "2019.09.23"]
[Round "3.21"]
[White "Ionescu, Constantin"]
[Black "Georgescu, Tiberiu-Marian"]
[Result "1/2-1/2"]
[WhiteElo "2426"]
[BlackElo "2508"]
[Annotator "TA"]
[PlyCount "25"]
[EventDate "2019.09.21"]
[EventType "team-tourn"]
[EventCountry "ROU"]
[SourceTitle "playchess.com"]
[Source "ChessBase"]
[SourceQuality "1"]

{[%evp 9,25,19,22,20,31,28,29,21,34,27,26,12,14,-3,0,-27,15,16]} 1. d4 d5 2. c4 e6 3. Nc3 a6 4. cxd5 exd5 5. Bf4 (5. Nf3 Nf6 6. Bg5 Be6 7. e3 Nbd7 8. Bd3 c6 9. Qb3 Qb6 10. Qxb6 Nxb6 11. Bxf6 gxf6 12. Nh4 a5 13. O-O-O Bb4 {1-0 (40) So,W (2767)-Demchenko,A (2655) Khanty-Mansiysk 2019}) 5... c6 6. e3 {D31: Queen's Gambit Declined: Semi-Slav without ...Nf6 (+ Marshall Gambit and Noteboom) and Exchange Variation lines without ...Nf6} Bd6 7. Bxd6 Qxd6 8. Bd3 {White has an edge.} Ne7 9. Nge2 Bf5 10. Nf4 $146 ({Predecessor:} 10. Bxf5 Nxf5 11. Qc2 g6 12. O-O-O Nd7 {½-½ (33) Firat,B (2503)-Landa,K (2611) Reykjavik 2017}) 10... Nd7 11. g4 Bxd3 12. Qxd3 O-O-O 13. h4 1/2-1/2

[Event "ROU-chT 1st League 2019"]
[Site "Mamaia"]
[Date "2019.09.23"]
[Round "3.22"]
[White "David, Alexandru-Vasile"]
[Black "Cosma, Ioan"]
[Result "1/2-1/2"]
[WhiteElo "2424"]
[BlackElo "2394"]
[Annotator "TA"]
[PlyCount "103"]
[EventDate "2019.09.21"]
[EventType "team-tourn"]
[EventCountry "ROU"]
[SourceTitle "playchess.com"]
[Source "ChessBase"]
[SourceQuality "1"]

{[%evp 12,103,15,20,19,16,27,19,25,10,27,27,33,30,37,51,93,73,84,89,81,87,73,46,76,68,74,74,52,67,71,36,55,58,50,42,84,14,16,0,13,0,25,0,8,0,0,-31,-32,-54,-42,-252,-243,-251,-229,-315,-314,-409,-402,-372,470,-304,-304,-308,-257,-285,0,0,0,0,0,0,0,0,0,0,0,0,0,0,0,0,0,0,0,0,0,0,0,0,0,0,0,0]} 1. d4 e6 2. c4 Bb4+ 3. Nc3 c5 4. e3 Nf6 5. Bd3 O-O 6. Nf3 d5 7. cxd5 exd5 {E53: Nimzo-Indian: Rubinstein: Main Line (4...0-0 5 Nf3 d5 6 Bd3 c5 7 0-0)} 8. dxc5 $1 Nbd7 9. O-O Nxc5 10. Ne2 Bg4 11. Nfd4 Bh5 $146 ({Predecessor:} 11... Nxd3 12. Qxd3 Bxe2 13. Nxe2 Bd6 14. Bd2 Be5 15. Bc3 {½-½ (56) Harikrishna,P (2755)-Wojtaszek,R (2745) Shamkir 2017}) 12. Bxh7+ Nxh7 13. a3 $1 Qa5 {...Ne6 is the strong threat.} 14. Rb1 Nf6 15. axb4 Qxb4 16. Bd2 Qb6 17. b4 Ncd7 18. Qb3 Ne4 19. Be1 Bxe2 20. Nxe2 Ndf6 21. Qd3 Rfd8 22. f3 Nd6 23. Bc3 Qb5 24. Qd1 (24. Rfd1 $16) 24... Nfe8 $11 25. Ng3 Rac8 26. Bd4 Rc4 27. f4 (27. Bxa7 $2 b6 $17) 27... Qd7 28. Qh5 Nb5 29. Nf5 Nxd4 30. exd4 {Black must now prevent Rbe1.} Nd6 $1 $36 {[%cal Rd6f5][%mdl 2048] Black is more active.} 31. Nxg7 $2 (31. Ne3 $15) 31... Kxg7 $19 32. f5 {White wants to mate with f6+.} Rg8 $1 ({Don't go for} 32... Ne4 $2 33. f6+ $1 {[%mdl 512]} Nxf6 34. Qg5+ Kf8 35. Qxf6 $18) 33. f6+ Kf8 34. Rbe1 {Threatening mate with Qh6+.} Ne4 35. Rf5 Rc2 $4 {[%mdl 8192]} (35... Qd6 $1 $19 {and life is good for Black. Strongly threatening ...Rc2.} 36. Qh6+ Ke8) 36. g3 $4 {[%mdl 8192] [#]} (36. Qh6+ $1 $18 Ke8 37. Rg5) 36... Qd6 $1 37. Qh6+ Ke8 {Hoping for ...Rxg3+!} 38. Re5+ {[#]} Kd8 $2 (38... Kd7 $1 $19 {[%cal Rd7c8]} 39. Qh5 Qxf6) 39. Qh7 $11 {The position is equal.} Re8 ({But not} 39... Qxf6 $2 40. Qxg8+ Kc7 41. Rf1 $18) (39... Rf8 $5 40. Qf5 $8 Rf2 $11) 40. Rxe8+ Kxe8 41. Rxe4+ $1 dxe4 42. Qxe4+ {[%mdl 64] Double Attack} Kd8 43. Qxc2 Qxd4+ {[%mdl 4096] Endgame KQ-KQ} 44. Qf2 Qxb4 45. Qxa7 Qe1+ 46. Kg2 Qe4+ 47. Kf2 Qf5+ 48. Ke3 Qe5+ 49. Kd3 Qf5+ 50. Kd2 {Threatens to win with Qd4+.} Qd5+ 51. Kc3 {And now Qd4 would win.} Qf3+ 52. Kc2 {Accuracy: White = 48%, Black = 60%.} 1/2-1/2

[Event "ROU-chT 1st League 2019"]
[Site "Mamaia"]
[Date "2019.09.23"]
[Round "3.23"]
[White "Itkis, Boris"]
[Black "Stoleriu, George"]
[Result "1-0"]
[WhiteElo "2323"]
[BlackElo "2351"]
[Annotator "TA"]
[PlyCount "39"]
[EventDate "2019.09.21"]
[EventType "team-tourn"]
[EventCountry "ROU"]
[SourceTitle "playchess.com"]
[Source "ChessBase"]
[SourceQuality "1"]

{[%evp 15,39,6,18,18,50,47,45,27,43,41,44,48,44,24,31,23,53,47,59,57,50,50,81,55,316,322]} 1. d4 e6 2. c4 Nf6 3. g3 Bb4+ 4. Bd2 Qe7 5. Bg2 Nc6 6. Nf3 Bxd2+ 7. Nbxd2 d6 8. Nf1 {[%cal Bd2f1,Bf1e3,Be3d5][%mdl 32]} e5 9. Ne3 {E11: Bogo-Indian} exd4 10. Nd5 Qd8 11. Nxd4 {White is slightly better.} Bd7 12. O-O $146 ({Predecessor:} 12. Nb5 Rc8 13. O-O O-O 14. Rc1 Re8 15. Nbc3 Ne5 16. Nxf6+ Qxf6 {½-½ (73) Oganian,M (2370)-Raznikov,D (2500) Pardubice 2015}) 12... O-O 13. Rc1 Re8 14. e3 Ne4 15. Re1 Rc8 16. Qc2 Nxd4 17. exd4 Ng5 18. Rxe8+ Bxe8 19. Nf4 Bc6 $2 {[%mdl 8192] [#]} (19... c6 $14) 20. d5 {Accuracy: White = 97%, Black = 11%.} 1-0

[Event "ROU-chT 1st League 2019"]
[Site "Mamaia"]
[Date "2019.09.23"]
[Round "3.24"]
[White "Petrisor, Adrian-Marian"]
[Black "Ileana, George"]
[Result "1-0"]
[WhiteElo "2411"]
[BlackElo "2349"]
[Annotator "NA"]
[PlyCount "89"]
[EventDate "2019.09.21"]
[EventType "team-tourn"]
[EventCountry "ROU"]
[SourceTitle "playchess.com"]
[Source "ChessBase"]
[SourceQuality "1"]
[TimeControl "40/5400+30:1800+30"]

1. Nf3 {[%emt 0:00:00]} d5 {[%emt 0:00:00]} 2. g3 {[%emt 0:00:25]} Nf6 {[%emt 0:00:00]} 3. Bg2 {[%emt 0:00:07]} c6 {[%emt 0:00:00]} 4. O-O {[%emt 0:00:27]} h6 {[%emt 0:00:30]} 5. c4 {[%emt 0:03:01]} Nbd7 {[%emt 0:09:52]} 6. cxd5 {[%emt 0:04:31]} cxd5 {[%emt 0:00:05]} 7. d4 {[%emt 0:00:13]} e6 {[%emt 0:00:27]} 8. Nc3 {[%emt 0:00:34]} a6 {[%emt 0:00:27]} 9. Bf4 {[%emt 0:02:12]} Nh5 {[%emt 0:05:19]} 10. Bd2 {[%emt 0:01:32]} Be7 {[%emt 0:00:49]} 11. Qb3 {[%emt 0:05:34]} O-O {[%emt 0:00:13]} 12. Rfc1 {[%emt 0:01:36]} b5 {[%emt 0:06:45]} 13. Nxd5 {[%emt 0:02:41]} exd5 {[%emt 0:06:42]} 14. Qxd5 {[%emt 0:00:14]} Nxg3 {[%emt 0:00:03]} 15. hxg3 {[%emt 0:01:23]} Ra7 {[%emt 0:00:03]} 16. Bf4 {[%emt 0:10:07]} g5 {[%emt 0:06:51]} 17. Be3 {[%emt 0:03:46]} Bb7 {[%emt 0:05:10]} 18. Qf5 {[%emt 0:00:45]} Nf6 {[%emt 0:00:41]} 19. Ne5 {[%emt 0:04:00]} Bxg2 {[%emt 0:01:14]} 20. Kxg2 {[%emt 0:00:06]} Qd5+ {[%emt 0:02:59]} 21. f3 {[%emt 0:00:45]} Nh5 {[%emt 0:16:29]} 22. Qh3 {[%emt 0:12:36]} Ng7 {[%emt 0:00:05]} 23. Bf2 {[%emt 0:01:58]} h5 {[%emt 0:00:41]} 24. e4 {[%emt 0:00:14]} Qa8 {[%emt 0:06:35]} 25. d5 {[%emt 0:00:50]} Bf6 {[%emt 0:04:12]} 26. Nc6 {[%emt 0:07:11]} Rc7 {[%emt 0:00:03]} 27. e5 {[%emt 0:00:21]} Rxc6 {[%emt 0:00:05]} 28. dxc6 {[%emt 0:04:43]} Bxe5 {[%emt 0:00:05]} 29. Rc2 {[%emt 0:02:25]} Qd8 {[%emt 0:03:01]} 30. Qd7 {[%emt 0:00:22]} Ne6 {[%emt 0:00:20]} 31. Re1 {[%emt 0:03:21]} Bf6 {[%emt 0:02:22]} 32. Qxd8 {[%emt 0:05:47]} Rxd8 {[%emt 0:00:04]} 33. c7 {[%emt 0:00:11]} Rc8 {[%emt 0:00:05]} 34. Bb6 {[%emt 0:00:04]} Kf8 {[%emt 0:00:26]} 35. b4 {[%emt 0:02:16]} Be7 {[%emt 0:00:31]} 36. a3 {[%emt 0:01:53]} Bd6 {[%emt 0:00:14]} 37. Rc6 {[%emt 0:04:48]} Ke7 {[%emt 0:00:20]} 38. Ba5 {[%emt 0:02:43]} Kd7 {[%emt 0:01:59]} 39. Rxa6 {[%emt 0:00:14]} Nxc7 {[%emt 0:00:55]} 40. Ra7 {[%emt 0:00:00]} h4 {[%emt 0:00:00]} 41. gxh4 {[%emt 0:02:20]} gxh4 {[%emt 0:03:59]} 42. Kh3 {[%emt 0:00:22]} f5 {[%emt 0:01:54]} 43. Rc1 {[%emt 0:01:41]} Bf4 {[%emt 0:01:40]} 44. Rc5 {[%emt 0:00:46]} Bd6 {[%emt 0:00:06]} 45. Bxc7 {[%emt 0:01:31]} 1-0

[Event "ROU-chT 1st League 2019"]
[Site "Mamaia"]
[Date "2019.09.23"]
[Round "3.25"]
[White "Erdos, Viktor"]
[Black "Kozak, Adam"]
[Result "1/2-1/2"]
[WhiteElo "2604"]
[BlackElo "2512"]
[Annotator "TA"]
[PlyCount "48"]
[EventDate "2019.09.21"]
[EventType "team-tourn"]
[EventCountry "ROU"]
[SourceTitle "playchess.com"]
[Source "ChessBase"]
[SourceQuality "1"]

{[%evp 15,48,11,37,14,28,18,19,17,16,17,11,20,16,11,16,24,20,18,26,26,38,30,30,27,39,40,79,73,70,52,51,52,43,53,66]} 1. d4 Nf6 2. c4 e6 3. Nf3 b6 4. g3 Bb7 5. Bg2 Be7 6. O-O O-O 7. Nc3 Ne4 8. Bd2 Bf6 9. Re1 {E18: Queen's Indian: Old Main Line (4 g3 Bb7 5 Bg2 Be7 6 0-0 0-0 7 Nc3)} c5 10. d5 Bxc3 11. Bxc3 {The position is equal.} d6 12. Qd3 Nxc3 13. Qxc3 exd5 14. cxd5 Bxd5 15. Qd3 $36 {[%mdl 2048] White is more active.} Bc6 16. Rad1 d5 17. Ne5 Qf6 18. Nxc6 Nxc6 19. Qxd5 Rac8 $146 ({Predecessor:} 19... Nd4) 20. Qd6 Rfd8 21. Qxf6 gxf6 22. f4 {White is slightly better.} Nb4 23. Bh3 Rb8 24. Kf2 Nxa2 {Accuracy: White = 73%, Black = 52%.} 1/2-1/2

[Event "ROU-chT 1st League 2019"]
[Site "Mamaia"]
[Date "2019.09.23"]
[Round "3.26"]
[White "Gavrilescu, David"]
[Black "Gonda, Laszlo"]
[Result "1/2-1/2"]
[WhiteElo "2451"]
[BlackElo "2541"]
[Annotator "TA"]
[PlyCount "64"]
[EventDate "2019.09.21"]
[EventType "team-tourn"]
[EventCountry "ROU"]
[SourceTitle "playchess.com"]
[Source "ChessBase"]
[SourceQuality "1"]

{[%evp 22,64,38,30,31,32,28,37,31,38,33,51,47,20,19,1,77,14,27,21,15,5,1,-9,-9,-37,-5,-175,-168,-185,-104,-503,-358,-303,-78,-149,-109,-95,-16,-19,-10,-21,0,0,0]} 1. e4 e5 2. Nf3 Nc6 3. Bb5 a6 4. Ba4 Nf6 5. O-O Be7 6. Re1 b5 7. Bb3 d6 8. c3 O-O 9. h3 Na5 10. Bc2 c5 11. d4 Nd7 12. a4 Bb7 {C96: Closed Ruy Lopez: Chigorin Defence: 11 d4, replies other than 11...Qc7} (12... b4 13. Nbd2 Rb8 14. Nf1 b3 15. Bd3 exd4 16. cxd4 c4 17. Be2 c3 18. Ng3 Nf6 19. Bd3 Nc6 20. d5 {0-1 (37) Quesada Perez,Y (2627)-Caruana,F (2811) chess.com INT 2018}) 13. d5 Qc7 14. b4 Nc4 {White is slightly better.} 15. Nfd2 Nxd2 16. Bxd2 Nb6 17. Na3 $146 ({Predecessor:} 17. bxc5 dxc5 18. Qe2 Nc4 19. Na3 Nxa3 20. Rxa3 {½-½ (30) Buksa,N (2337)-Sengupta,D (2565) Warsaw 2018}) 17... Nxa4 18. Bxa4 {Threatens to win with Bc2.} bxa4 {[#]} (18... cxb4 $11 19. cxb4 bxa4) 19. Qxa4 ({White should play} 19. bxc5 $1 $16 Qxc5 20. Qxa4) 19... cxb4 $11 20. cxb4 f5 21. Rac1 Qd8 22. Qa5 fxe4 {aiming for ...Qxa5.} 23. Rc7 Bc8 {White must now prevent ...Bh4.} (23... Bh4 $5 {[%cal Rh4f2]} 24. Be3 Rb8 $15) 24. Rxe4 $2 (24. Be3 $11 {and White is okay.}) 24... Bf5 $19 25. Re1 {[#]} Qe8 (25... Bh4 $1 $19 {...Qf6 is the strong threat.} 26. Qb6 Qf6) 26. g4 $2 {[%mdl 8192]} (26. Qb6 $17 {is a better chance.}) 26... Bd3 27. Nc4 {White wants to play Nxe5!} Rc8 $2 (27... Bh4 $19 {and Black stays clearly on top.} 28. Be3 Qg6) 28. Rc1 (28. Rxc8 $142 Qxc8 29. Nxe5 dxe5 30. d6) 28... Qf7 29. Be3 {Strongly threatening Nxe5!} Qf3 (29... Rxc7 $17 30. Qxc7 Be4) 30. Nxe5 $1 $11 {The position is equal.} dxe5 31. Rxc8 Be4 {[%csl Ge4][%cal Rf3h1]} 32. Kf1 $1 Bd3+ $1 {Accuracy: White = 36%, Black = 50%.} ({Don't play} 32... Qxh3+ $6 33. Ke1 $16) 1/2-1/2

[Event "ROU-chT 1st League 2019"]
[Site "Mamaia"]
[Date "2019.09.23"]
[Round "3.27"]
[White "Grigore, George-Gabriel"]
[Black "Carmaciu, Lucian-Catalin"]
[Result "1/2-1/2"]
[WhiteElo "2491"]
[BlackElo "2375"]
[Annotator "TA"]
[PlyCount "77"]
[EventDate "2019.09.21"]
[EventType "team-tourn"]
[EventCountry "ROU"]
[SourceTitle "playchess.com"]
[Source "ChessBase"]
[SourceQuality "1"]

{[%evp 24,77,22,17,12,16,14,14,45,42,40,45,67,71,75,48,41,8,8,8,8,8,13,13,9,16,10,10,16,16,18,18,20,12,13,10,19,17,18,4,18,12,12,8,13,8,13,0,11,5,9,0,0,0,8,0]} 1. d4 d5 2. c4 e6 3. Nc3 Nf6 4. cxd5 exd5 5. Bg5 Be7 6. e3 c6 7. Qc2 Nbd7 {[%cal Bb8d7,Bd7f8,Bf8e6,Be6g7,Bg7f5][%mdl 32]} 8. Bd3 O-O 9. Nf3 Re8 10. O-O Nf8 11. h3 g6 12. Rab1 Ne6 13. Bh4 Ng7 {D36: Queen's Gambit Declined: Exchange Variation: Main line (5 Bg5 c6 6 Qc2)} 14. b4 a6 $1 15. a4 Bd6 (15... Bf5 16. b5 axb5 17. axb5 Bxd3 18. Qxd3 Nf5 19. Bxf6 Bxf6 20. Qc2 Nd6 21. Nd2 {0-1 (47) Navara,D (2730)-Hansen,S (2566) Reykjavik 2015}) 16. b5 axb5 17. axb5 Nf5 18. Bg5 {[#] aiming for bxc6.} h6 19. bxc6 bxc6 20. Bxf6 Qxf6 {The position is equal.} 21. Na4 $146 ({Predecessor:} 21. Rb6 Bd7 22. Rb7 Bc8 23. Rb6 Bd7 24. Rb7 Bc8 {½-½ (24) Schenk,A (2483)-Heberla,B (2531) Germany 2016}) 21... Ne7 22. Nb6 Ra3 23. Nxc8 Rxc8 24. Rb3 Rxb3 25. Qxb3 c5 26. dxc5 Rxc5 27. Rd1 Rc3 28. Qa4 Ra3 29. Qb5 Ra1 30. Bb1 Kg7 31. Nd4 h5 32. Qb2 Ra8 33. Qe2 Bc5 (33... Rb8 {is more complex.} 34. Qd3 Bc5 35. Nf3 Rb2 36. Rc1 Bb6) 34. Nf3 Rd8 35. g3 Nc6 36. Kg2 Ne5 37. Ba2 Nxf3 38. Qxf3 d4 39. exd4 {Accuracy: White = 75%, Black = 52%.} 1/2-1/2

[Event "ROU-chT 1st League 2019"]
[Site "Mamaia"]
[Date "2019.09.23"]
[Round "3.29"]
[White "Szabo, Attila"]
[Black "Ghimpu, Samuel-Timotei"]
[Result "1-0"]
[WhiteElo "2239"]
[BlackElo "2158"]
[Annotator "NA"]
[PlyCount "113"]
[EventDate "2019.09.21"]
[EventType "team-tourn"]
[EventCountry "ROU"]
[SourceTitle "playchess.com"]
[Source "ChessBase"]
[SourceQuality "1"]
[TimeControl "40/5400+30:1800+30"]

1. Nf3 {[%emt 0:00:00]} Nf6 {[%emt 0:00:00]} 2. c4 {[%emt 0:00:28]} g6 {[%emt 0:00:00]} 3. Nc3 {[%emt 0:01:25]} Bg7 {[%emt 0:00:00]} 4. e4 {[%emt 0:00:32]} c5 {[%emt 0:00:00]} 5. d4 {[%emt 0:00:13]} cxd4 {[%emt 0:00:06]} 6. Nxd4 {[%emt 0:00:10]} d6 {[%emt 0:00:01]} 7. Be2 {[%emt 0:00:58]} Nc6 {[%emt 0:00:04]} 8. Be3 {[%emt 0:00:11]} O-O {[%emt 0:00:07]} 9. O-O {[%emt 0:01:37]} Bd7 {[%emt 0:00:10]} 10. Qd2 {[%emt 0:02:02]} Nxd4 {[%emt 0:00:09]} 11. Bxd4 {[%emt 0:00:12]} Bc6 {[%emt 0:00:02]} 12. f3 {[%emt 0:04:10]} a5 {[%emt 0:00:25]} 13. b3 {[%emt 0:03:27]} Nd7 {[%emt 0:00:09]} 14. Bxg7 {[%emt 0:08:34]} Kxg7 {[%emt 0:00:01]} 15. Qd4+ {[%emt 0:00:12]} Kg8 {[%emt 0:00:05]} 16. Rfd1 {[%emt 0:01:32]} Nc5 {[%emt 0:03:03]} 17. Rab1 {[%emt 0:03:49]} Qb6 {[%emt 0:06:02]} 18. Kh1 {[%emt 0:11:31]} Qb4 {[%emt 0:03:46]} 19. Qd2 {[%emt 0:02:54]} Rfc8 {[%emt 0:26:58]} 20. a4 {[%emt 0:28:26]} Rd8 {[%emt 0:19:05]} 21. Qc2 {[%emt 0:04:15]} e5 {[%emt 0:03:23]} 22. Bf1 {[%emt 0:04:40]} Ne6 {[%emt 0:00:52]} 23. Qd3 {[%emt 0:06:06]} Rf8 {[%emt 0:05:43]} 24. h3 {[%emt 0:00:55]} Rad8 {[%emt 0:00:31]} 25. Kh2 {[%emt 0:01:37]} Kg7 {[%emt 0:00:19]} 26. Kh1 {[%emt 0:01:58]} Kh8 {[%emt 0:09:13]} 27. Kh2 {[%emt 0:00:31]} Rd7 {[%emt 0:00:31]} 28. Rd2 {[%emt 0:02:40]} f5 {[%emt 0:03:15]} 29. exf5 {[%emt 0:04:55]} gxf5 {[%emt 0:00:09]} 30. Qe3 {[%emt 0:01:27]} Rg7 {[%emt 0:11:17]} 31. Nd5 {[%emt 0:00:43]} f4 {[%emt 0:04:43]} 32. Qf2 {[%emt 0:00:47]} Qc5 {[%emt 0:02:50]} 33. Qxc5 {[%emt 0:00:27]} Nxc5 {[%emt 0:00:09]} 34. Nc3 {[%emt 0:00:40]} Rf6 {[%emt 0:00:50]} 35. Bd3 {[%emt 0:00:46]} Rh6 {[%emt 0:00:40]} 36. Bc2 {[%emt 0:01:34]} Rg3 {[%emt 0:01:53]} 37. Ne4 {[%emt 0:01:13]} Bxe4 {[%emt 0:01:06]} 38. Bxe4 {[%emt 0:00:13]} Rg8 {[%emt 0:00:48]} 39. Rbd1 {[%emt 0:00:42]} Nxb3 40. Rxd6 {[%emt 0:00:00]} Rxd6 {[%emt 0:00:00]} 41. Rxd6 {[%emt 0:00:19]} Nc5 {[%emt 0:14:57]} 42. Rd5 {[%emt 0:04:51]} Nxe4 {[%emt 0:03:16]} 43. fxe4 {[%emt 0:00:03]} Rg3 {[%emt 0:01:45]} 44. Rxa5 {[%emt 0:05:28]} Rc3 {[%emt 0:00:25]} 45. Rxe5 {[%emt 0:00:27]} Rxc4 {[%emt 0:00:09]} 46. a5 {[%emt 0:00:12]} Ra4 {[%emt 0:00:38]} 47. Kg1 {[%emt 0:01:32]} Ra2 {[%emt 0:01:40]} 48. Rb5 {[%emt 0:01:54]} Kg8 {[%emt 0:04:06]} 49. Kf1 {[%emt 0:01:03]} Ra4 {[%emt 0:00:18]} 50. Kf2 {[%emt 0:11:13]} Rxe4 {[%emt 0:01:11]} 51. Rxb7 {[%emt 0:02:22]} Ra4 {[%emt 0:00:01]} 52. Ra7 {[%emt 0:01:13]} Ra3 {[%emt 0:00:06]} 53. a6 {[%emt 0:00:39]} Kh8 {[%emt 0:01:53]} 54. Ke2 {[%emt 0:00:45]} Kg8 {[%emt 0:00:11]} 55. Kd2 {[%emt 0:01:15]} Ra2+ {[%emt 0:00:13]} 56. Kd3 {[%emt 0:00:04]} Rxg2 {[%emt 0:00:13]} 57. Rb7 {[%emt 0:00:22]} 1-0

[Event "ROU-chT 1st League 2019"]
[Site "Mamaia"]
[Date "2019.09.23"]
[Round "3.30"]
[White "Coca, Cristi-Iulian"]
[Black "Vasiesiu, Victor"]
[Result "1/2-1/2"]
[WhiteElo "2106"]
[BlackElo "2251"]
[Annotator "NA"]
[PlyCount "34"]
[EventDate "2019.09.21"]
[EventType "team-tourn"]
[EventCountry "ROU"]
[SourceTitle "playchess.com"]
[Source "ChessBase"]
[SourceQuality "1"]
[TimeControl "40/5400+30:1800+30"]

1. e4 {[%emt 0:00:00]} e6 {[%emt 0:00:00]} 2. d4 {[%emt 0:00:00]} d5 {[%emt 0:00:00]} 3. exd5 {[%emt 0:00:00]} exd5 {[%emt 0:00:00]} 4. Nf3 {[%emt 0:00:00]} Nc6 {[%emt 0:00:00]} 5. Bb5 {[%emt 0:00:47]} Bd6 {[%emt 0:02:15]} 6. O-O {[%emt 0:02:10]} Nge7 {[%emt 0:00:06]} 7. Re1 {[%emt 0:05:05]} O-O {[%emt 0:04:17]} 8. c3 {[%emt 0:02:11]} Ng6 {[%emt 0:01:24]} 9. Nbd2 {[%emt 0:08:30]} Qf6 {[%emt 0:00:33]} 10. Nf1 {[%emt 0:02:17]} Bg4 {[%emt 0:01:32]} 11. Be2 {[%emt 0:04:15]} Nf4 {[%emt 0:04:35]} 12. Bxf4 {[%emt 0:00:17]} Bxf4 {[%emt 0:00:50]} 13. h3 {[%emt 0:06:03]} Bf5 {[%emt 0:09:05]} 14. Bd3 {[%emt 0:01:28]} Rae8 {[%emt 0:03:55]} 15. Qc2 {[%emt 0:01:24]} Bxd3 {[%emt 0:01:12]} 16. Qxd3 {[%emt 0:00:07]} Nd8 {[%emt 0:00:58]} 17. Ne3 {[%emt 0:03:33]} Bxe3 {[%emt 0:09:43]} 1/2-1/2